| 000 | 00653nam a2200205 a 4500 | ||
|---|---|---|---|
| 005 | 20240802063642.0 | ||
| 008 | 991125s1977 mx 000 0 spa u | ||
| 035 | _aUPN01000053574 | ||
| 049 | _aCG | ||
| 050 | 4 |
_aPQ6041 _bC6.7 |
|
| 100 | 1 |
_aCosse, Rómulo, _d1938- _941845 |
|
| 245 | 1 | 0 |
_aSiglo de oro : _bsociedad, pensamiento y literatura : el teatro / _cRómulo Cosse. |
| 260 |
_aMéxico : _bANUIES, _c1977. |
||
| 300 | _a2 v. | ||
| 440 | 0 |
_aTemas básicos. _pArea literatura |
|
| 650 | 4 |
_aLiteratura española _xHistoria y crítica _98085 |
|
| 650 | 2 |
_aTEATRO - _xHISTORIA Y CRITICA _926835 |
|
| 650 | 0 |
_aLiteratura y sociedad _99048 |
|
| 905 | _aLibro | ||
| 999 |
_c53574 _d53574 |
||